Navegar en internet : diseño de páginas web con xhtml, javascript y css /
Guardado en:
| Autor Principal: | |
|---|---|
| Formato: | Libro |
| Publicado: |
México :
Alfaomega,
2008
|
| Edición: | 2a. ed. |
| Materias: | |
| Etiquetas: |
Agregar Etiqueta
Sin Etiquetas, Sea el primero en etiquetar este registro!
|
| LEADER | 01238nam a22002535a 4500 | ||
|---|---|---|---|
| 001 | CEM.cems013104 | ||
| 005 | 20090508093918.0 | ||
| 008 | 130507s2008##################000#0#####d | ||
| 003 | CEMS | ||
| 020 | |a 9789701513934 | ||
| 082 | 0 | 4 | |a 001.64404 |
| 100 | 1 | |a Orós Cabello, Juan Carlos | |
| 245 | 1 | 0 | |a Navegar en internet : |b diseño de páginas web con xhtml, javascript y css / |c Juan Carlos Orós Cabello |
| 250 | |a 2a. ed. | ||
| 260 | |a México : |b Alfaomega, |c 2008 | ||
| 300 | |a 380 p. + 1 CD-ROM | ||
| 505 | 0 | |a Conceptos básicos de XHTML -- Introducción a Javascript -- Tratamiento de variables -- Los operadores -- Estructuras condicionales -- Objetos, funciones y métodos -- Objetos y funciones predefinidas -- Los objetos del navegador -- Los eventos de Javascript -- Expresiones regulares -- Formularios avanzados -- Los cookies -- Integración Javascript y Flash -- Introducción a las hojas de estilo -- Cascading style sheets (CSS) -- Propiedades de las hojas de estilo -- Consejos para componer con estilo | |
| 653 | |a Computación | ||
| 653 | |a Páginas web | ||
| 653 | |a Diseño-páginas web | ||
| 653 | |a Xhtml | ||
| 653 | |a Javascript | ||
| 653 | |a Css | ||
| 859 | |a CEMS |b BIB. CEMS - 11 de abril |h 001.64404 |i Or6 |p 25583.09 |t Ej.1 | ||
